|
|
|
|
| LEADER |
00000nam0a2200000 4500 |
| 001 |
316406 |
| 005 |
20231102002855.0 |
| 010 |
|
|
|a 9785913046185
|
| 035 |
|
|
|a (RuTPU)RU\TPU\book\341844
|
| 090 |
|
|
|a 316406
|
| 100 |
|
|
|a 20160321d2016 m y0rusy50 ca
|
| 101 |
0 |
|
|a rus
|
| 102 |
|
|
|a RU
|
| 105 |
|
|
|a a j 001zy
|
| 200 |
1 |
|
|a Электронные методы съема, отбора и регистрации данных ядернофизического эксперимента
|e учебно-методическое пособие
|f С. Г. Басиладзе
|g Московский государственный университет им. М. В. Ломоносова (МГУ), Научно-исследовательский институт ядерной физики им. Д. В. Скобельцына (НИИЯФ), Физический факультет
|
| 210 |
|
|
|a Москва
|c КДУ
|d 2016
|
| 215 |
|
|
|a 334 с.
|c ил.
|
| 320 |
|
|
|a Библиогр.: с. 332-334
|
| 330 |
|
|
|a Пособие представляет собой полный курс лекций по всем аспектам электронных методов ядерного-физического эксперимента Для студентов отделения «Ядерной физики» Физического факультета МГУ
|
| 606 |
1 |
|
|a Ядерные исследования
|x Обработка результатов
|2 stltpush
|3 (RuTPU)RU\TPU\subj\21607
|9 46566
|
| 610 |
1 |
|
|a ядерная физика
|
| 610 |
1 |
|
|a ядерно-физические эксперименты
|
| 610 |
1 |
|
|a электронные методы
|
| 610 |
1 |
|
|a ускорители
|
| 610 |
1 |
|
|a экспериментальные установки
|
| 610 |
1 |
|
|a электронные системы
|
| 610 |
1 |
|
|a детекторы
|
| 610 |
1 |
|
|a программирование
|
| 610 |
1 |
|
|a полупроводниковые детекторы
|
| 610 |
1 |
|
|a сцинтилляционные детекторы
|
| 610 |
1 |
|
|a черенковские детекторы
|
| 610 |
1 |
|
|a специализированные процессы
|
| 610 |
1 |
|
|a многопроволочные детекторы
|
| 610 |
1 |
|
|a данные
|
| 610 |
1 |
|
|a интерфейсы
|
| 610 |
1 |
|
|a учебно-методические пособия
|
| 610 |
1 |
|
|a результаты
|
| 610 |
1 |
|
|a обработка
|
| 675 |
|
|
|a 539.1.07(075.8)
|v 4
|
| 700 |
|
1 |
|a Басиладзе
|b С. Г.
|
| 712 |
0 |
2 |
|a Московский государственный университет им. М. В. Ломоносова (МГУ)
|b Научно-исследовательский институт ядерной физики им. Д. В. Скобельцына (НИИЯФ)
|b Физический факультет
|2 stltpush
|3 (RuTPU)RU\TPU\col\11923
|
| 801 |
|
1 |
|a RU
|b 63413507
|c 20160321
|
| 801 |
|
2 |
|a RU
|b 63413507
|c 20180907
|g RCR
|
| 900 |
|
|
|a Ядерная физика
|
| 900 |
|
|
|a Ядерно-физические методы исследований
|
| 942 |
|
|
|c BK
|
| 959 |
|
|
|a 31/20160318
|d 3
|e 411,40
|f ЧЗТЛ:1
|f УФ:2
|